ბათუმის შოთა რუსთაველის სახელმწიფო უნივერსიტეტის ბიბლიოთეკა

The European Union : (ბიბ.ჩანაწერი № 57927)

000 -LEADER
fixed length control field 00798cam a2200241 i 4500
001 - CONTROL NUMBER
control field 17642745
005 - DATE AND TIME OF LATEST TRANSACTION
control field 20221114111828.0
008 - FIXED-LENGTH DATA ELEMENTS--GENERAL INFORMATION
fixed length control field 130301s2013 coua b 001 0 eng
010 ## - LIBRARY OF CONGRESS CONTROL NUMBER
LC control number 2013003569
020 ## - INTERNATIONAL STANDARD BOOK NUMBER
International Standard Book Number 9780813348988x
041 ## - LANGUAGE CODE
Language code of text/sound track or separate title eng
080 ## - UNIVERSAL DECIMAL CLASSIFICATION NUMBER
Universal Decimal Classification number 327 M-10
100 1# - MAIN ENTRY--PERSONAL NAME
Personal name McCormick, John
Dates associated with a name
9 (RLIN) 10978
245 14 - TITLE STATEMENT
Title The European Union :
Remainder of title politics and policies /
Statement of responsibility, etc. John McCormick, John Spencer Olsen.
250 ## - EDITION STATEMENT
Edition statement Fifth edition.
264 #1 - PRODUCTION, PUBLICATION, DISTRIBUTION, MANUFACTURE, AND COPYRIGHT NOTICE
Place of production, publication, distribution, manufacture Boulder, Colo. :
Name of producer, publisher, distributor, manufacturer Westview Press,
Date of production, publication, distribution, manufacture, or copyright notice [2014].
300 ## - PHYSICAL DESCRIPTION
Extent xxiv, 374 pages :
Other physical details illustrations ;
Dimensions 23 cm.
504 ## - BIBLIOGRAPHY, ETC. NOTE
Bibliography, etc. note Includes bibliographical references and index.
653 ## - INDEX TERM--UNCONTROLLED
keyword The European Union : Politics and Policie
653 ## - INDEX TERM--UNCONTROLLED
keyword პოლიტიკა
700 ## - ADDED ENTRY--PERSONAL NAME
Personal name Olsen, Jonathan
Titles and other words associated with a name ავტორი
9 (RLIN) 10980
942 ## - ADDED ENTRY ELEMENTS (KOHA)
Source of classification or shelving scheme
Koha item type წიგნი
ეგზემპლარები
Withdrawn status Lost status Source of classification or shelving scheme Damaged status Not for loan Permanent Location Current Location Shelving location Date acquired Cost, normal purchase price Full call number Barcode Date last seen Copy number Price effective from Koha item type Public note
          ბათუმის შოთა რუსთაველის სახელმწიფო უნივერსიტეტის მთავარი ბიბლიოთეკა ბათუმის შოთა რუსთაველის სახელმწიფო უნივერსიტეტის მთავარი ბიბლიოთეკა წიგნსაცავი 2021-04-01 93.00 327 M-10 54104 2021-04-01 54104 2021-04-01 წიგნი 93.00 GEL.
          ბათუმის შოთა რუსთაველის სახელმწიფო უნივერსიტეტის მთავარი ბიბლიოთეკა ბათუმის შოთა რუსთაველის სახელმწიფო უნივერსიტეტის მთავარი ბიბლიოთეკა წიგნსაცავი 2021-04-01 93.00 327 M-10 54105 2021-04-01 54105 2021-04-01 წიგნი 93.00 GEL.
          ბათუმის შოთა რუსთაველის სახელმწიფო უნივერსიტეტის მთავარი ბიბლიოთეკა ბათუმის შოთა რუსთაველის სახელმწიფო უნივერსიტეტის მთავარი ბიბლიოთეკა წიგნსაცავი 2021-04-01 93.00 327 M-10 36023 2021-04-01 36023 2021-04-01 წიგნი 93.00 GEL.